[Event "Ostrava Seniors op"]
[Site "Ostrava"]
[Date "2014.05.02"]
[Round "7"]
[White "Sipl, Frantisek"]
[Black "Ludvicek, Josef"]
[Result "0-1"]
[WhiteElo "1836"]
[BlackElo "1867"]
[PlyCount "128"]
[EventDate "2014.04.26"]
[EventType "swiss"]
[EventRounds "9"]
[EventCountry "CZE"]
[SourceTitle "CBM 160 Extra"]
[Source "ChessBase"]
[SourceDate "2014.07.01"]
[SourceVersion "1"]
[SourceVersionDate "2014.07.01"]
[SourceQuality "1"]

1. d4 d5 2. c4 Nf6 3. Nc3 c6 4. Nf3 Bf5 5. e3 e6 6. Be2 h6 7. Ne5 Nbd7 8. f4 dxc4 9. Bxc4 Nb6 10. Bd3 Bxd3 11. Qxd3 Bd6 12. 0-0 0-0 13. b3 Rc8 14. a4 Bxe5 15. fxe5 Nfd7 16. Ba3 Re8 17. Ne4 Nxe5 18. Qe2 Ng6 19. Nd6 Rc7 20. Nxe8 Qxe8 21. a5 Nd5 22. e4 Nc3 23. Qc2 Nb5 24. Bc5 a6 25. Rad1 Rd7 26. Qc4 Qd8 27. Bb6 Qg5 28. Qe2 Nc3 29. Qd2 Nxd1 30. Qxg5 hxg5 31. Rxd1 f5 32. Re1 Kf7 33. g3 Ne7 34. Bc5 g6 35. Kf2 Rd8 36. Ke3 Rh8 37. Re2 Rh3 38. Kf3 Kf6 39. Bb6 Nc8 40. Bc7 Ke7 41. Be5 Nd6 42. exf5 exf5 43. Kg2 Rh7 44. Kf3 Nb5 45. Rf2 g4+ 46. Ke3 Nc3 47. Kd3 Nd5 48. Re2 Kd7 49. Kc4 Rf7 50. Kc5 Nc3 51. Rc2 Ne4+ 52. Kc4 Ng5 53. Kc5 Rh7 54. Kb6 Kc8 55. Re2 Rd7 56. Rc2 Rd5 57. Rc5 Rd7 58. Rc2 Nf3 59. Re2 Rd5 60. Bf6 Rb5+ 61. Ka7 Kd7 62. Rb2 Kd6 63. Rf2 Rxb3 64. h3 gxh3 0-1

[Event "Ostrava op"]
[Site "Ostrava"]
[Date "2010.05.03"]
[Round "3"]
[White "Tichy, Miroslav2"]
[Black "Sipl, Frantisek"]
[Result "1-0"]
[WhiteElo "2030"]
[BlackElo "1895"]
[PlyCount "65"]
[EventDate "2010.05.01"]
[EventType "swiss"]
[EventRounds "9"]
[EventCountry "CZE"]
[SourceTitle "EXT 2011"]
[Source "ChessBase"]
[SourceDate "2010.11.26"]
[SourceVersion "1"]
[SourceVersionDate "2010.11.26"]
[SourceQuality "1"]

1. c4 Nf6 2. Nc3 e6 3. e4 d6 4. d4 Nbd7 5. f4 c5 6. d5 Be7 7. Nf3 0-0 8. e5 Ne8 9. Bd3 Nb6 10. h4 exd5 11. Bxh7+ Kh8 12. Ng5 g6 13. cxd5 Bxg5 14. hxg5 Kg7 15. Bxg6 fxg6 16. e6 Qe7 17. Qd3 Bxe6 18. dxe6 Qxe6+ 19. Ne2 Nd5 20. Bd2 Rg8 21. 0-0-0 Nec7 22. Bc3+ Nxc3 23. Qxc3+ Kf8 24. Rh7 Nb5 25. Qd3 a6 26. b4 Nd4 27. Nxd4 cxd4 28. Qxd4 Rc8+ 29. Kb1 Rc6 30. Rxb7 Qf5+ 31. Ka1 Qe6 32. Rb8+ Kf7 33. Qa7+ 1-0

[Event "Zdar nad Sazavou Vysocina op-B 4th"]
[Site "Zdar nad Sazavou"]
[Date "2007.09.27"]
[Round "7"]
[White "Sipl, Frantisek"]
[Black "Vala, Filip"]
[Result "0-1"]
[WhiteElo "1896"]
[BlackElo "1984"]
[PlyCount "60"]
[EventDate "2007.09.22"]
[EventType "swiss"]
[EventRounds "9"]
[EventCountry "CZE"]
[SourceTitle "EXT 2008"]
[Source "ChessBase"]
[SourceDate "2007.11.25"]
[SourceVersion "1"]
[SourceVersionDate "2007.11.25"]
[SourceQuality "1"]

1. d4 Nf6 2. c4 e6 3. Nc3 Bb4 4. Qc2 0-0 5. Bg5 h6 6. Bh4 b6 7. e4 g5 8. Bg3 Bb7 9. Bd3 d6 10. Nge2 Nbd7 11. f3 Rc8 12. f4 e5 13. fxg5 hxg5 14. d5 Bc5 15. Qd2 Nh5 16. h4 Nf4 17. 0-0-0 Nxg2 18. Kb1 Be3 19. Qc2 g4 20. Nc1 Nf4 21. Qe2 Nxe2 22. Bxe2 Nf6 23. h5 Kg7 24. Bh4 Qd7 25. Rdf1 Nxh5 26. Nd1 Bd4 27. Rf5 Qxf5 28. exf5 Nf6 29. Bxf6+ Kxf6 30. Bxg4 Rg8 0-1

[Event "Znojmo op"]
[Site "Znojmo"]
[Date "2006.05.21"]
[Round "9.25"]
[White "Sipl, Frantisek"]
[Black "Krc, Milan"]
[Result "1-0"]
[WhiteElo "1920"]
[BlackElo "1933"]
[PlyCount "31"]
[EventDate "2006.05.14"]
[EventType "swiss"]
[EventRounds "9"]
[EventCountry "CZE"]
[SourceTitle "CBM 112 Extra"]
[Source "ChessBase"]
[SourceDate "2006.07.14"]
[SourceVersion "1"]
[SourceVersionDate "2006.07.14"]
[SourceQuality "1"]

1. d4 Nf6 2. c4 e5 3. d5 Bc5 4. Nf3 d6 5. Bg5 Bxf2+ 6. Kxf2 Ne4+ 7. Kg1 Nxg5 8. Qd2 Nxf3+ 9. exf3 c6 10. Nc3 0-0 11. Bd3 cxd5 12. Nxd5 Be6 13. Nc3 Nc6 14. h4 Nd4 15. Ne4 Qb6 16. Qf2 1-0

[Event "Marianske Lazne op"]
[Site "Marianske Lazne"]
[Date "2006.01.23"]
[Round "3"]
[White "French, Angus"]
[Black "Sipl, Frantisek"]
[Result "1/2-1/2"]
[WhiteElo "2115"]
[BlackElo "1920"]
[PlyCount "40"]
[EventDate "2006.01.21"]
[EventType "swiss"]
[EventRounds "9"]
[EventCountry "CZE"]
[SourceTitle "CBM 110 Extra"]
[Source "ChessBase"]
[SourceDate "2006.03.10"]
[SourceVersion "2"]
[SourceVersionDate "2006.03.10"]
[SourceQuality "1"]

1. e4 c5 2. c3 e6 3. d4 cxd4 4. cxd4 a6 5. Nf3 Nf6 6. Bd3 Be7 7. 0-0 d6 8. Nc3 b5 9. a3 Bb7 10. Bg5 Nbd7 11. Rc1 Rc8 12. Bb1 0-0 13. Qd3 e5 14. Rfe1 g6 15. Ba2 Ng4 16. Bd2 exd4 17. Nxd4 Nge5 18. Qh3 Nc5 19. Bh6 Re8 20. Rcd1 Bf6 1/2-1/2

[Event "Znojmo op"]
[Site "Znojmo"]
[Date "2005.05.20"]
[Round "7"]
[White "Sipl, Frantisek"]
[Black "Snorek, Milan"]
[Result "0-1"]
[WhiteElo "1927"]
[BlackElo "2236"]
[PlyCount "40"]
[EventDate "2005.05.15"]
[EventType "swiss"]
[EventRounds "9"]
[EventCountry "CZE"]
[SourceTitle "CBM 106 Extra"]
[Source "ChessBase"]
[SourceDate "2005.07.01"]
[SourceVersion "1"]
[SourceVersionDate "2005.07.01"]
[SourceQuality "1"]

1. d4 d5 2. c4 dxc4 3. e3 Nf6 4. Bxc4 e6 5. Nf3 c5 6. 0-0 a6 7. Bd3 Nc6 8. dxc5 Bxc5 9. a3 0-0 10. Qc2 Bd6 11. Rd1 Qe7 12. b4 e5 13. Ng5 h6 14. Ne4 Nxe4 15. Bxe4 Be6 16. Bf5 Rac8 17. Bxe6 Qxe6 18. Qe4 f5 19. Qf3 e4 20. Qh3 Be5 0-1

[Event "Marianske Lazne op"]
[Site "Marianske Lazne"]
[Date "2005.01.24"]
[Round "3.31"]
[White "Pevny, Martin"]
[Black "Sipl, Frantisek"]
[Result "1/2-1/2"]
[WhiteElo "2077"]
[BlackElo "1905"]
[PlyCount "68"]
[EventDate "2005.01.22"]
[EventType "swiss"]
[EventRounds "9"]
[EventCountry "CZE"]
[SourceTitle "CBM 104 Extra"]
[Source "ChessBase"]
[SourceDate "2005.03.01"]
[SourceVersion "1"]
[SourceVersionDate "2005.03.01"]
[SourceQuality "1"]

1. d4 Nf6 2. Nf3 e6 3. c4 c5 4. Nc3 cxd4 5. Nxd4 Bb4 6. Qc2 Nc6 7. Nf3 0-0 8. Bg5 Qa5 9. Bxf6 gxf6 10. e3 Bxc3+ 11. bxc3 Ne5 12. Rb1 a6 13. Nxe5 Qxe5 14. Bd3 Kg7 15. 0-0 h5 16. Be4 Rb8 17. Rb4 d5 18. Bf3 dxc4 19. Rxc4 b5 20. Rh4 Rh8 21. Qe2 Bb7 22. Bxb7 Rxb7 23. c4 b4 24. Rb1 a5 25. Qf3 Rc7 26. Rd1 Rc5 27. g3 Rhc8 28. Rdd4 Qg5 29. Qd1 Qg6 30. Kg2 e5 31. Rd7 Rxc4 32. Rxc4 Rxc4 33. Qd6 Qe4+ 34. Kh3 Qg4+ 1/2-1/2